| 000 | 01313cam a22004334i 4500 | ||
|---|---|---|---|
| 003 | PE-LiUPU | ||
| 005 | 20250731184516.0 | ||
| 008 | 150617s r 000 0 d | ||
| 035 | _a(Sirsi) a16765 | ||
| 040 |
_aPE-LiUPU _bspa _cPE-LiUPU _erda |
||
| 049 | _aPRUA | ||
| 082 | 0 | 4 |
_a985.122 _bR173h _221 |
| 100 | 1 |
_aRamírez, Miguel Justino, _d1906- _eautor. |
|
| 245 | 1 | 0 |
_aHuancabamba : _bsu historia, su geografía, su folklore / _cMiguel Justino Ramírez. |
| 264 | 1 |
_aLima : _bMinisterio de Hacienda y Comercio, _c1966. |
|
| 300 |
_a349 páginas ; _c29 centímetros. |
||
| 336 |
_atext _2rdacontent |
||
| 337 |
_aunmediated _2rdamedia |
||
| 338 |
_avolume _2rdacarrier |
||
| 505 | 0 | _aIncanato -- Virreinato -- República -- Hijos ilustres. | |
| 526 | _aP136 | ||
| 526 | _aP135 | ||
| 526 | _aP134 | ||
| 526 | _aP133 | ||
| 526 | _aP144 | ||
| 526 | _aP143 | ||
| 526 | _aP87 | ||
| 526 | _aP35 | ||
| 526 | _aP20 | ||
| 526 | _aP14 | ||
| 526 | _aP10 | ||
| 526 | _aP06 | ||
| 650 | 0 | 4 | _aHuancabamba, Piu. (Perú : Provincia). |
| 910 | _ajck | ||
| 942 |
_2ddc _cBK |
||
| 949 |
_a985.122 R21 _wDEWEY _c1 _i10317 _lCCODEBUL1 _mBUL _r0 _sY _tBOOK _u2015-04-21 _xEDUCACION _zUNKNOWN _0COMPRA _o.STAFF. Colección General |
||
| 999 |
_c16270 _d16270 |
||
| 980 |
_81 _gALBERTO SANCHEZ Responsable de Automatización |
||